000 00816nam0a22002771 4500
001 rc\3143372
005 20120615101734.6
021 _aRU
_b[75-17952]
035 _a(NLR Aleph) 007292108
090 _a5620737
_c5620737
100 _a20120615d1975 |||y0rusy50 ca
101 0 _arus
102 _aRU
105 _ay z |||a|
200 1 _aПовести
210 _aКрасноярск
_cКн. изд-во
_d1975
215 _a360 с.
_d20
225 1 _aЗемля родная
327 1 _aСодерж.: Двор; Баян и яблоко
464 0 _12001#$aДвор$aБаян и яблоко
700 1 _aКараваева
_bА. А.
_f1893-1979
_gАнна Александровна
801 0 _aRU
_bNLR
_gpsbo
801 1 _aRU
_bELAR
_2rusmarc
852 _aNLR
_j75-3/576
942 _cBOOK
980 _aNB